| 000 | 00764nam a2200205Ii 4500 | ||
|---|---|---|---|
| 003 | JO-AjNU | ||
| 008 | 230605s9999||||xx |||||||||||||| ||und|| | ||
| 017 | _a1986/332 | ||
| 040 |
_aJO-AjNU _bara _erda _cJO-AjNU |
||
| 041 | _aara | ||
| 050 | 1 | 4 | _aCT1863.A4763 |
| 100 | 3 |
_aعبد الوهاب، اكرم, _eauthor _939198 |
|
| 245 | 0 | 0 | _aالامداد بشرح منظمومة الاسناد وفية تراجم للعلماء الاعلام واهم مصادر الاسلام، الجزء الأول |
| 264 | 3 | 1 | _aاالموصل: جامعة الموصل، 1986 |
| 300 | _aج1، 133ص | ||
| 336 |
_atext _btxt _2rdacontent |
||
| 337 |
_aunmediated _bn _2rdamedia |
||
| 338 |
_avolume _bnc _2rdacarrier |
||
| 650 | 4 |
_aعلماء الاسلام-تراجم _939199 |
|
| 999 |
_aA16534 _c20102 _d20102 |
||